Využitie potenciálu dažďovej vody v zmysle krajinno-architektonického návrhu v urbánnom prostredí.
Enregistré dans:
| Auteur principal: | |
|---|---|
| Autres auteurs: | |
| Format: | Manuscrit Livre |
| Langue: | slovaque |
| Publié: |
2020
|
| Sujets: | |
| Accès en ligne: | http://is.stuba.sk/zp/portal_zp.pl?podrobnosti=152068 https://opac.crzp.sk/?fn=detailBiblioForm&sid=23A5A917B76C11E744AAEE80CF65 |
| Tags: |
Pas de tags, Soyez le premier à ajouter un tag!
|
MARC
| LEADER | 00000ntm a22000003a 4500 | ||
|---|---|---|---|
| 001 | stuzp81148 | ||
| 003 | SK-STU | ||
| 005 | 20230519112617.3 | ||
| 007 | ta | ||
| 008 | 150427s2015----xo-----f-mn---000-0-slo-d | ||
| 040 | |a STU |b slo | ||
| 041 | 0 | |a slo | |
| 100 | 1 | |a Lovasíková, Dominika |u 010160 |4 aut |U SvF Stavebná fakulta |T SvF Katedra vodného hospodárstva krajiny |X 82406 |U V160 |Y 16 |7 82406 | |
| 242 | 0 | 1 | |a Exploiting the potential of rainwater in terms of landscape-architectural design in urban environment. |y eng |
| 245 | 1 | 0 | |a Využitie potenciálu dažďovej vody v zmysle krajinno-architektonického návrhu v urbánnom prostredí. |
| 260 | |c 2020 | ||
| 650 | 4 | |a Verejný priestor |2 slo | |
| 650 | 4 | |a park |2 slo | |
| 650 | 4 | |a ulica |2 slo | |
| 650 | 4 | |a využitie dažďovej vody |2 slo | |
| 650 | 4 | |a Public space |2 eng | |
| 650 | 4 | |a park |2 eng | |
| 650 | 4 | |a use of rainwater |2 eng | |
| 650 | 4 | |a street |2 eng | |
| 700 | 1 | |a Stankoci, Ivan |u 057170 |k Z1 |4 ths |U FAD Fakulta architektúry |T FA Ústav krajinnej a záhradnej architektúry |X 5043 |U A7170 |Y 398 |7 A000005043 | |
| 856 | 4 | |u http://is.stuba.sk/zp/portal_zp.pl?podrobnosti=152068 | |
| 856 | 4 | |u https://opac.crzp.sk/?fn=detailBiblioForm&sid=23A5A917B76C11E744AAEE80CF65 | |